Formula One Teams - Sudden Death - Statistics

General Stats
  • This quiz has been taken 8,550 times
    1,584 since last reset
  • The average score is 8 of 11
Answers on the Grid
Answers color-coded by a green-red scale on the quiz's grid according to % correct below.
Alfa Romeo
Alpha Tauri
Alpine
Andretti
Aston
Aston Martin
Audi
BMW
Brawn
Cadillac
Caterham
Coca Cola
Ducati
Ferrari
Force India
Ford
Haas
Hendrick
Jaguar
Lamborghini
Lotus
Mclaren
Mercedes
Porsche
Prema
Racing Bulls
Racing Point
Red Bull
Renault
Sauber
Toyota
Williams
 
Answer Stats
Answer % Correct
Alpine
79%
Aston Martin
77%
Ferrari
75%
Red Bull
73%
Mclaren
71%
Mercedes
70%
Haas
68%
Williams
68%
Racing Bulls
62%
Audi
61%
Cadillac
59%
No matching quizzes found
Score Distribution
Percent of People with Each Score
Percentile by Number Answered
Your Score History
You have not taken this quiz since the last reset